| 000 | 00319nam a2200121Ia 4500 | ||
|---|---|---|---|
| 008 | 220217s9999||||xx |||||||||||||| ||und|| | ||
| 082 | _a005.13 MOR | ||
| 100 |
_aMorris, Gray _93571 |
||
| 245 | 0 | _a.Net campact frame work | |
| 260 |
_aSPD pvt. Ltd. _bMumbai _c2002 |
||
| 300 | _b150 | ||
| 650 | _aPROGRAMMING LANGUAGE | ||
| 999 |
_c172197 _d172197 |
||